[Event "HUN-chT 9798"]
[Site "Hungary"]
[Date "1997.??.??"]
[Round "?"]
[White "Kozma, Karoly"]
[Black "Schlusnik, Nandor"]
[Result "0-1"]
[WhiteElo "2295"]
[BlackElo "2225"]

1.d4 d5 2.c4 c6 3.Nf3 Nf6 4.Qc2 g6 5.Bf4 Bg7 6.e3 O-O 7.Bd3 Nbd7 8.h3 c5
9.O-O cxd4 10.exd4 dxc4 11.Bxc4 Ne8 12.Nc3 Nb6 13.Bb3 Nc7 14.Rfe1 Ncd5 15.Bg3 Bf5
16.Qe2 Rc8 17.Rad1 Nxc3 18.bxc3 Nd5 19.Bxd5 Qxd5 20.Qxe7 Rxc3 21.Kh2 a5 22.Be5 Qxa2
23.Bxg7 Kxg7 24.Rd2 Qb3 25.d5 Qb4 26.Qe2 Rd8 27.Qe5+ Kg8 28.Qf6 Qd6+ 29.Qxd6 Rxd6
30.Re8+ Kg7 31.Nd4 Rxd5 32.g4 Rd3 33.Rxd3 Bxd3 34.Nf3 a4 35.Ne5 a3 36.f4 a2
37.Ra8 Ba6  0-1

[Event "Isle of Man op"]
[Site "Isle of Man"]
[Date "1997.??.??"]
[Round "9"]
[White "Sadler, Matthew"]
[Black "Rausis, Igors"]
[Result "1/2-1/2"]
[WhiteElo "2665"]
[BlackElo "2490"]

1.d4 d5 2.c4 c6 3.Nf3 dxc4 4.e3 Be6 5.Nc3 b5 6.a4 b4 7.Na2 a5 8.Ng5 Bc8 9.Qh5 g6
10.Qf3 f6 11.Bxc4 fxg5 12.Qf7+ Kd7 13.Qe6+ Ke8 14.Qf7+ Kd7 15.Qe6+ Ke8 16.Qf7+  1/2-1/2

[Event "World Cities"]
[Site "Jakarta "]
[Date "1997.??.??"]
[Round "2"]
[White "Gunawan, Ruben"]
[Black "Nguyen Anh Dung"]
[Result "1-0"]
[WhiteElo "2460"]
[BlackElo "2465"]

1.Nf3 d5 2.d4 c6 3.c4 Nf6 4.Qc2 g6 5.Bf4 Bg7 6.e3 O-O 7.Nc3 a6 8.Be2 Be6
9.cxd5 Nxd5 10.Bg3 h6 11.O-O Nd7 12.Rfd1 Qa5 13.Nd2 Rfc8 14.Nc4 Qd8 15.e4 b5
16.Nd2 Nxc3 17.bxc3 Nb6 18.Nb3 Na4 19.f4 Qd7 20.h3 Rd8 21.Bf2 Rac8 22.Rab1 Kh8
23.c4 f5 24.e5 Qc7 25.Be1 Qa7 26.Bf2 Nb6 27.Na5 Qc7 28.Rdc1 bxc4 29.Nxc4 Nd5
30.Qd2 Rb8 31.g3 Rxb1 32.Rxb1 Rb8 33.Rc1 Bd7 34.Na5 e6 35.Nb3 Bf8 36.Nc5 Bxc5
37.Rxc5 Rb1+ 38.Rc1 Qb6 39.Rxb1 Qxb1+ 40.Kg2 Bc8 41.Qa5 Qb6 42.Qxb6 Nxb6
43.h4 h5 44.Kf1 Nd5 45.Be1 Kg7 46.Bd2 Kf7 47.Ke1 Ke7 48.Kd1 Kd7 49.Bf3 Bb7
50.Ke2 c5 51.dxc5 Bc6 52.Ba5 Kc8 53.Kd2 Kb7 54.Be2 Ka7 55.Bc4 Kb7 56.Bb3 Ka7
57.Kd3 Kb7 58.Kd4 Ka7 59.a3 Kb7 60.Bb6 Kc8 61.Bc4 Kb7 62.a4 Nxb6 63.cxb6 Bxa4
64.Bxe6 Kxb6 65.Bf7 a5 66.Bxg6 Bd7 67.Bf7 a4 68.e6 Bc6 69.e7 a3 70.Kc4  1-0

[Event "World Cities"]
[Site "Jakarta "]
[Date "1997.??.??"]
[Round "9"]
[White "Tu Hoang Thong"]
[Black "Hamdani, Rudin"]
[Result "0-1"]
[WhiteElo "2475"]
[BlackElo "2335"]

1.d4 d5 2.Nf3 c6 3.c4 Nf6 4.g3 dxc4 5.Bg2 Nbd7 6.O-O e6 7.Qc2 b5 8.b3 cxb3
9.Qxc6 Rb8 10.axb3 Bb7 11.Qc2 a6 12.Nbd2 Rc8 13.Qb1 Bb4 14.e4 O-O 15.Bb2 h6
16.e5 Nd5 17.Ne4 Be7 18.Ne1 Qb6 19.Nd3 b4 20.Qd1 Nc3 21.Qg4 Bxe4 22.Bxe4 f5
23.exf6 Nxf6 24.Qh4 Ncxe4 25.Ne5 Nd2  0-1

[Event "Juvenil op"]
[Site "?"]
[Date "1997.??.??"]
[Round "5"]
[White "Zurano Lopez, Pedro"]
[Black "Sirvent, D."]
[Result "1-0"]
[WhiteElo "2300"]
[BlackElo "2060"]

1.d4 d5 2.Nf3 Nf6 3.c4 c6 4.Qc2 e6 5.Nbd2 Bb4 6.g3 O-O 7.Bg2 Nbd7 8.O-O Ba5
9.e4 dxc4 10.Nxc4 Bc7 11.Rd1 Nb6 12.b3 h6 13.a4 Re8 14.Ba3 Nxc4 15.bxc4 b6
16.Rac1 Bb7 17.e5 Nd7 18.Nd2 f5 19.d5 Nxe5 20.Nf1 Qc8 21.f4 Nf7 22.d6  1-0

[Event "Koge op"]
[Site "Koge"]
[Date "1997.??.??"]
[Round "8"]
[White "Nilssen, John Arni"]
[Black "Bang, Andreas"]
[Result "0-1"]
[WhiteElo "2305"]
[BlackElo "2280"]

1.d4 d5 2.c4 c6 3.Nf3 Nf6 4.Nbd2 Bf5 5.g3 e6 6.Bg2 h6 7.O-O Nbd7 8.b3 Be7
9.Bb2 O-O 10.a3 a5 11.Ne5 Nxe5 12.dxe5 Nd7 13.cxd5 exd5 14.e4 dxe4 15.Nxe4 Nc5
16.Nd6 Bxd6 17.exd6 Nd3 18.Qf3 Bg6 19.Bc3 Qxd6 20.Rfd1 Rfd8 21.Bf1 Qc5 22.Bxa5 Qxa5
23.Bxd3 Qc3 24.Be2 Rxd1+ 25.Rxd1 Qxf3 26.Bxf3 Rxa3 27.Rd8+ Kh7 28.Bd1 Be4
29.Kf1 Bd5 30.Bc2+ g6 31.Rd7 b5 32.Ke1 Kg7 33.Rc7 Kf6 34.Kd2 Ra1 35.h4 Ke5
36.Re7+ Be6 37.Re8 Ra7 38.Kc3 Ra2 39.f4+ Kd6 40.Rd8+ Kc7 41.Rd2 c5 42.Bd1 b4+
43.Kd3 Ra3 44.Rb2 c4+ 45.Kd4 c3 46.Rb1 Kd6 47.Bc2 Ra2 48.Be4 Rd2+ 49.Ke3 Rb2
50.Ra1 Rxb3 51.Ra6+ Ke7 52.g4 f5 53.Bd3 c2 54.Rc6 Bd5  0-1

[Event "MK Cafe Cup-B"]
[Site "Koszalin"]
[Date "1997.??.??"]
[Round "4"]
[White "Paszkiewicz, Sebastian"]
[Black "Skaruz, Jaroslaw"]
[Result "0-1"]
[WhiteElo "2190"]
[BlackElo "2080"]

1.d4 d5 2.c4 c6 3.Nf3 Nf6 4.g3 Bg4 5.Bg2 e6 6.O-O Nbd7 7.cxd5 cxd5 8.Nc3 Bd6
9.Qb3 Qb6 10.Qxb6 Nxb6 11.Nb5 Bb8 12.b3 a6 13.Nc3 Bd6 14.Ne5 Bf5 15.Bb2 Ke7
16.Rac1 Rhc8 17.a4 Nbd7 18.Na2 Ne4 19.g4 Bg6 20.Nxg6+ hxg6 21.Bxe4 dxe4 22.h3 f5
23.f3 Nf6 24.gxf5 gxf5 25.fxe4 Nxe4 26.Rfd1 Rh8 27.Rd3 Ng3 28.Rxg3 Bxg3 29.Ba3+ Kd7
30.d5 e5 31.Kg2 Bf4 32.Rf1 Rh5 33.Rf3 Rc8 34.Kf2 g5 35.a5 e4 36.Rc3 e3+ 37.Kg2 Rch8
38.d6 Rxh3 39.Rc7+ Kd8  0-1

[Event "Krasnodar op"]
[Site "Krasnodar"]
[Date "1997.??.??"]
[Round "?"]
[White "Rashkovsky, Nukhim N"]
[Black "Popov, Roman"]
[Result "1/2-1/2"]
[WhiteElo "2525"]
[BlackElo "2365"]

1.d4 d5 2.c4 c6 3.Nf3 Nf6 4.Nbd2 Bf5 5.g3 e6 6.Bg2 h6 7.O-O Nbd7 8.b3 Be7
9.Bb2 O-O 10.h3 Bh7 11.Ne5 Rc8 12.Kh2 b5 13.c5 a5 14.a3 Ne4 15.Ndf3 f6 16.Nxd7 Qxd7
17.Ne1 Bd8 18.f3 Ng5 19.Nd3 Bc7 20.h4 Nf7 21.e4 Rcd8 22.Nf2  1/2-1/2

[Event "SLO-ch"]
[Site "Krsko"]
[Date "1997.??.??"]
[Round "?"]
[White "Srebrnic, Vojko"]
[Black "Soln, Primoz"]
[Result "0-1"]
[WhiteElo "2225"]
[BlackElo "2325"]

1.d4 d5 2.Nf3 c6 3.c4 Nf6 4.Qc2 e6 5.g3 dxc4 6.Qxc4 b5 7.Qc2 Bb7 8.Bg2 Nbd7
9.Nc3 Rc8 10.O-O a6 11.Ne5 Nxe5 12.dxe5 Nd7 13.Rd1 Qc7 14.f4 c5 15.Bxb7 Qxb7
16.Ne4 c4 17.Be3 Nc5 18.Nd6+ Bxd6 19.exd6 O-O 20.Bxc5 Rxc5 21.e4 f6 22.Qf2 Rcc8
23.Qd4 e5 24.Qe3 Rfd8 25.Rd5 b4 26.Rad1 c3 27.bxc3 bxc3 28.Rc1 Qb2 29.fxe5 fxe5
30.Rxe5 Qd2 31.Qf4 Rxd6 32.Rf5 Rdc6 33.Qxd2 cxd2 34.Rd1 Rc1 35.Rff1 Rxd1  0-1

[Event "Lichtenstein op"]
[Site "Lichtenstein"]
[Date "1997.??.??"]
[Round "4"]
[White "Karl, Hans"]
[Black "Pedersen, Steffen"]
[Result "1/2-1/2"]
[WhiteElo "2275"]
[BlackElo "2420"]

1.d4 d5 2.c4 c6 3.Nf3 Nf6 4.g3 dxc4 5.Bg2 Bf5 6.O-O Nbd7 7.a4 a5 8.Nc3 e6
9.Nh4 Bg6 10.Nxg6 hxg6 11.e4 Bb4 12.Qe2 O-O 13.Bg5 Qc7 14.Qxc4 e5 15.Nd5 Qd6  1/2-1/2

[Event "London Agency"]
[Site "London"]
[Date "1997.??.??"]
[Round "8"]
[White "Kachiani Gersinska, Ketino"]
[Black "Stefanova, Antoaneta"]
[Result "1/2-1/2"]
[WhiteElo "2375"]
[BlackElo "2410"]

1.d4 d5 2.c4 c6 3.Nf3 dxc4 4.e3 b5 5.a4 e6 6.axb5 cxb5 7.b3 a5 8.bxc4 b4
9.c5 Nf6 10.Bb5+ Bd7 11.Qa4 Qc7 12.Ne5 Bxb5 13.Qxb5+ Nfd7 14.Nd2 Be7 15.Ndc4 O-O
16.O-O Nxe5 17.Nxe5 Bf6 18.Nc4 Nc6 19.Nb6 Ra7 20.Bb2 Rb8 21.Rfc1 Qb7 22.Qe2 Bd8
23.Qf3 Ne7 24.Qxb7 Rbxb7 25.Na4 f5 26.f3 Nd5 27.e4 Ne3 28.c6 Rc7 29.d5 exd5
30.exd5 Ra6 31.Nc5 Ra8 32.Ne6 Nxd5 33.Rd1 Rxc6 34.Nxd8 Rxd8 35.Rxa5 Rcd6
36.Be5 R6d7 37.Rb5 Kf7 38.f4 Ke6 39.Kf2 Kf7 40.Kf3 Ke6 41.Bb2 Kf7 42.h3 h5
43.g3 Kg6 44.g4 hxg4+ 45.hxg4 fxg4+ 46.Kg3 Kf7 47.f5 Nf6 48.Rxd7+ Rxd7 49.Bxf6 Kxf6
50.Rxb4 Kxf5  1/2-1/2

[Event "CRO-chT"]
[Site "Medulin"]
[Date "1997.??.??"]
[Round "?"]
[White "Loncar, Robert"]
[Black "Bukal, Vladimir Sr"]
[Result "1/2-1/2"]
[WhiteElo "2390"]
[BlackElo "2395"]

1.d4 d5 2.c4 c6 3.Nf3 Nf6 4.Qc2 g6 5.Bf4 Bg7 6.e3 O-O 7.Nc3 a6 8.a3 Bf5 9.Bd3 Bxd3
10.Qxd3 b5 11.cxd5 cxd5 12.Rc1 Nbd7 13.O-O Qb6 14.b4 Qb7 15.Nd2 Nb6 16.Nb3 Nc4
17.Nc5 Qc6 18.Ra1 Nd7 19.a4 Nxc5 20.dxc5 e6 21.Ra2 Rfd8 22.axb5 axb5 23.Rfa1 Rxa2
24.Rxa2 e5 25.Bg5 f6 26.Bh4 Rd7 27.Ne2 f5 28.h3 h6 29.f4 d4 30.exd4 exd4
31.Bf2 Qd5 32.Nc1 g5 33.fxg5 hxg5 34.Re2 f4 35.Re8+ Kf7 36.Rb8 Ne3 37.Bxe3 dxe3
38.Qh7 Qe6 39.Qg8+ Kf6 40.Rb6 Qxb6 41.cxb6 Rd1+ 42.Kh2 Rxc1 43.Qd8+ Kf5 44.b7 Be5
45.Qd3+ Kf6 46.Qd8+ Kf5 47.Qf8+ Ke4 48.Qe7 e2 49.Qxe5+ Kxe5 50.b8=Q+ Kd4
51.Qd6+ Ke3 52.Qe5+ Kd2 53.Qb2+ Kd1 54.Qd4+ Kc2 55.Qe4+ Kd2 56.Qd4+ Kc2  1/2-1/2

[Event "CRO-chT"]
[Site "Medulin"]
[Date "1997.??.??"]
[Round "?"]
[White "Boric, Muhamed"]
[Black "Jukic, Zdenko"]
[Result "1/2-1/2"]
[WhiteElo "2400"]
[BlackElo "2210"]

1.Nf3 Nf6 2.c4 c6 3.d4 d5 4.Qc2 e6 5.g3 Nbd7 6.Bg2 Bd6 7.O-O O-O 8.Nbd2 Re8
9.Rd1 Qe7 10.e4 dxe4 11.Nxe4 Nxe4 12.Qxe4 e5 13.Bg5 f6 14.Be3 exd4 15.Qxe7 Bxe7
16.Bxd4 Nb6 17.b3 Ba3 18.Nd2 Rd8 19.Be3 Bf5 20.Be4 Bh3 21.Bg2 Bf5 22.Ne4 Rd7
23.Nc5 Re7 24.Nd3 Nd7 25.h3 a5 26.Bc1 Bxc1 27.Raxc1 Re2 28.Nf4 Re7 29.g4 Bg6
30.a3 Bf7 31.Nd3 Rae8 32.Bf3 g5 33.Kg2 Bg6 34.b4 Bxd3 35.Rxd3 Ne5 36.Rd6 axb4
37.axb4 Re6 38.Rxe6 Rxe6 39.Be4 Rd6 40.b5 Rd4 41.f3 Rxc4 42.Rxc4 Nxc4 43.bxc6 bxc6  1/2-1/2

[Event "Moscow-B"]
[Site "Moscow"]
[Date "1997.??.??"]
[Round "1"]
[White "Nikolaenko, Andrej"]
[Black "Klichev, Mikhail"]
[Result "1/2-1/2"]
[WhiteElo "2130"]
[BlackElo "2355"]

1.d4 d5 2.c4 c6 3.Nf3 Nf6 4.g3 Bf5 5.Bg2 e6 6.O-O Be7 7.Nc3 O-O 8.Nd2 Nbd7
9.b3 Qa5 10.Bb2 b5 11.e4 b4 12.Nxd5 cxd5 13.exf5 exf5 14.cxd5 Nxd5 15.Nc4 Qb5
16.Qf3 N5b6 17.Rfe1 Bf6 18.Nd6 Qa5 19.Qe2 f4 20.Bxa8 Rxa8 21.a3 h6 22.Nc4 Qf5
23.Qf3 Rb8 24.Ne5 Bxe5 25.dxe5 Nc5 26.Bd4 Ne6 27.Rad1 bxa3  1/2-1/2

[Event "Moscow-ch"]
[Site "Moscow"]
[Date "1997.??.??"]
[Round "3"]
[White "Donchenko, Anatoly G"]
[Black "Glagolev, BA."]
[Result "1-0"]
[WhiteElo "2390"]
[BlackElo "2045"]

1.d4 d5 2.Nf3 Nf6 3.c4 c6 4.Qc2 e6 5.g3 b6 6.Bg2 Ba6 7.Nbd2 Nbd7 8.O-O Rc8
9.b3 Be7 10.e4 dxe4 11.Nxe4 O-O 12.Rd1 Bb7 13.Bf4 Nxe4 14.Qxe4 Nf6 15.Qc2 Bd6
16.Be5 Qe7 17.Ng5 g6 18.c5 bxc5 19.Bxf6 Qxf6 20.Ne4 Qe7 21.Nxd6 Qxd6 22.dxc5 Qe5
23.b4 Rfd8 24.Qa4 Rd4 25.Rxd4 Qxd4 26.Rd1 Qc4 27.Bf1 Qe4 28.Rd7  1-0

[Event "Moscow-B"]
[Site "Moscow"]
[Date "1997.??.??"]
[Round "4"]
[White "Nikolaenko, Andrej"]
[Black "Shestakov, Sergei S"]
[Result "1/2-1/2"]
[WhiteElo "2130"]
[BlackElo "2325"]

1.d4 d5 2.c4 c6 3.Nf3 Nf6 4.g3 e6 5.Bg2 Bb4+ 6.Bd2 Be7 7.O-O O-O 8.Nc3 dxc4
9.Qc2 Nbd7 10.Ne5 Nb6 11.e3 Nfd7 12.Ne2 Nxe5 13.dxe5 Qd3 14.Qxd3 cxd3 15.Nf4 Rd8
16.Ba5 g5 17.Nh5 Bd7 18.Be4 Be8 19.g4 c5 20.b3 Rab8 21.f4 Bc6 22.Bxc6 bxc6
23.Kf2 Rd5 24.Rab1 c4 25.Bxb6 c3 26.Bc7 Rb7 27.Bd6 Bd8 28.Rbd1 c2 29.Rd2 Ba5
30.Rxc2 dxc2 31.Nf6+ Kg7 32.Nxd5 Bd2 33.Ba3 cxd5 34.Ke2 Ba5 35.Rc1 Rc7 36.Bb2 Kg6  1/2-1/2

[Event "Moscow-ch"]
[Site "Moscow"]
[Date "1997.??.??"]
[Round "6"]
[White "Donchenko, Anatoly G"]
[Black "Janovsky, Sergey"]
[Result "0-1"]
[WhiteElo "2390"]
[BlackElo "2510"]

1.Nf3 d5 2.d4 c6 3.c4 Nf6 4.Qc2 dxc4 5.Qxc4 Bf5 6.g3 Nbd7 7.Bg2 e6 8.O-O Nb6
9.Qb3 Qd5 10.Qd1 Bxb1 11.Rxb1 Qxa2 12.Bg5 Be7 13.Ne5 O-O 14.Qd3 Qa4 15.Bd2 a6
16.Ra1 Qb5 17.Qc2 a5 18.e4 Nfd7 19.Nxd7 Nxd7 20.Rfd1 Rfc8 21.Be3 a4 22.Rac1 Nb6
23.h4 h6 24.Bf1 Qa5 25.Qe2 Nd7 26.Rc2 Rd8 27.Bg2 Qa6 28.Qf3 Qb5 29.Bf1 Qb3
30.Rdc1 Nb6 31.Qg4 Kf8 32.Qh5 Qb4 33.Qe2 Kg8 34.Qg4 Bf6 35.Bxh6 Rxd4 36.Bg2 Nd7
37.Be3 Ne5 38.Qh5 Rc4 39.Kh2 Rxc2 40.Rxc2 Nd3 41.Qe2 Qb3 42.e5 Bxe5 43.Be4 Nxb2
44.Bf4 Bd4 45.Rd2 c5 46.Bc2 Qc4 47.Qe4 f5 48.Qxb7 Qd5 49.Qb6 Nc4 50.Qb5 Nxd2
51.Bxd2 Qf3 52.Be1 Bxf2  0-1

[Event "NRW-Cup Masters op"]
[Site "Muenster"]
[Date "1997.??.??"]
[Round "1"]
[White "Dautov, Rustem"]
[Black "Schlecht, Daniel"]
[Result "1-0"]
[WhiteElo "2595"]
[BlackElo "2270"]

1.d4 d5 2.c4 c6 3.Nf3 Nf6 4.Qc2 e6 5.Bg5 dxc4 6.Qxc4 b5 7.Qc2 Be7 8.e3 Bb7
9.Bxf6 Bxf6 10.Bd3 Nd7 11.Nbd2 Rc8 12.b4 a5 13.a3 e5 14.O-O g6 15.Ne4 Qe7
16.Nxf6+ Qxf6 17.bxa5 O-O 18.Qc3 exd4 19.exd4 Rfd8 20.Rfc1 Qd6 21.Bf1 Nf6
22.a4 Nd5 23.Qb3 b4 24.a6 Ba8 25.Rc5 Kg7 26.Rac1 Nf4 27.Bc4 Rb8 28.a5 Re8
29.a7 Rb7 30.a6 Rxa7 31.Qxb4 Ne2+ 32.Bxe2 Rxe2 33.Qc4 Rb2 34.Qc3 Rb8 35.Qa1 f6
36.Nd2 Rd8 37.Nb3 Rb8 38.R5c3 Rb4 39.Re3 Kh6 40.Nc5 g5 41.Re6 Qxd4 42.Rxf6+ Kh5
43.Qxd4 Rxd4 44.h3  1-0

[Event "JUG-chT (Women)"]
[Site "Niksic"]
[Date "1997.??.??"]
[Round "5"]
[White "Khurtsidze, Nino"]
[Black "Stefanova, Antoaneta"]
[Result "1/2-1/2"]
[WhiteElo "2415"]
[BlackElo "2450"]

1.d4 d5 2.c4 c6 3.Nf3 dxc4 4.e3 Be6 5.Qc2 b5 6.a4 Nf6 7.axb5 cxb5 8.b3 Nbd7
9.bxc4 Bxc4 10.Bxc4 bxc4 11.O-O Qc7 12.Ba3 e6 13.Bxf8 Kxf8 14.Nc3 Qc6 15.e4 g6
16.d5 exd5 17.exd5 Qc5 18.Na4 Qxd5 19.Rfd1 Qc6 20.Nd4 Qe4 21.Qxc4 Kg7 22.Nc3 Qe7
23.Nc6 Rhc8 24.Qb5 Qc5 25.Qxc5 Nxc5 26.Nxa7 Nb3 27.Nxc8 Rxa1 28.Rxa1 Nxa1  1/2-1/2

[Event "JUG-chT (Women)"]
[Site "Niksic"]
[Date "1997.??.??"]
[Round "7"]
[White "Manakova, Maria"]
[Black "Stefanova, Antoaneta"]
[Result "1/2-1/2"]
[WhiteElo "2345"]
[BlackElo "2450"]

1.d4 d5 2.Nf3 c6 3.c4 dxc4 4.a4 e6 5.e3 b5 6.Nc3 b4 7.Nb1 Ba6 8.Qc2 Qa5 9.Bd2 c3
10.bxc3 Bxf1 11.Kxf1 Qa6+ 12.Kg1 bxc3 13.Nxc3 Nf6 14.Na2 Be7 15.Bb4 Qb7 16.Rb1 O-O
17.g3 Rc8 18.Kg2 c5 19.Bxc5 Qc7 20.Rhc1 Nbd7 21.Rb3 a5 22.Rb5 Bxc5 23.dxc5 Qc6
24.Qe2 e5 25.Kg1 Ne4 26.Nd2 Nexc5 27.Nb3 Qa6 28.Nxc5 Rxc5 29.Rb8+ Nxb8 30.Rxc5 Nd7
31.Qxa6 Rxa6 32.Rc8+ Nf8 33.Nc3 g6 34.Ne4 Kg7 35.Nc5 Ra7 36.Re8 f6 37.Kg2 Kf7
38.Rb8 Ke7 39.Rb5 Ne6 40.Nb3 Kd6 41.e4 Ng5 42.Nd2 Kc6 43.h4 Nf7 44.Nc4 Nd6
45.Nxa5+ Kd7 46.Rd5 Ke6 47.f3 Nb7 48.Nxb7 Rxb7 49.Rd2 Ra7 50.Ra2 Kd6 51.f4 Kc5
52.fxe5 fxe5 53.Kf3 Kc4 54.Ke3 Ra5 55.Rc2+ Kb4 56.Rc7 Rxa4 57.Rxh7 Ra3+ 58.Kf2 Kc4
59.Rd7 Ra2+ 60.Kf3 Ra3+ 61.Kf2 Ra2+ 62.Kf3 Ra3+ 63.Kg4 Re3 64.Rd6 Rxe4+ 65.Kf3 Rd4
66.Rxg6 Kd3 67.Ra6 e4+ 68.Kf4 e3+ 69.Kf3 Rd8 70.Ra3+ Kd2 71.Ra2+ Kd3 72.Ra3+  1/2-1/2

[Event "RUS-chT"]
[Site "Orel"]
[Date "1997.??.??"]
[Round "?"]
[White "Poluljahov, Aleksandr"]
[Black "Kobalija, Mihail"]
[Result "1/2-1/2"]
[WhiteElo "2510"]
[BlackElo "2545"]

1.d4 d5 2.Nf3 Nf6 3.c4 c6 4.Qc2 g6 5.Bf4 Bf5 6.Qb3 Qb6 7.c5 Qxb3 8.axb3 Bxb1
9.Rxb1 Nbd7 10.h3 Bg7 11.e3 O-O 12.b4 a6 13.Be2 Ne4 14.O-O Rfe8 15.Rfd1  1/2-1/2

[Event "Ozery op1 Seniors"]
[Site "Ozery"]
[Date "1997.??.??"]
[Round "8"]
[White "Nikitin, Aleksander S"]
[Black "Abzirko, Nikolay"]
[Result "1-0"]
[WhiteElo "2430"]
[BlackElo "2225"]

1.d4 Nf6 2.Nf3 d5 3.c4 c6 4.Qc2 e6 5.g3 Nbd7 6.Bg2 Be7 7.O-O O-O 8.b3 Ne4
9.Nc3 Ndf6 10.Nd2 Nxc3 11.Qxc3 Bd7 12.Bb2 Rc8 13.Rad1 a5 14.Qd3 b5 15.e4 bxc4
16.bxc4 Rb8 17.Bc3 Bb4 18.Rb1 dxe4 19.Nxe4 Nxe4 20.Bxe4 f5 21.Bf3 Qf6 22.Bxb4 axb4
23.c5 Rfd8 24.Qc4 Be8 25.Rfd1 Ra8 26.Rxb4 Ra3 27.Bg2 Rda8 28.Rb6 R8a4 29.Qc1 Rxa2
30.Rb8 Kf7 31.Qb1 Bd7 32.Rb7 Ke8 33.h4 f4 34.Rb2 Ra1 35.Qxa1 Rxa1 36.Rxa1 fxg3
37.Ra8+ Ke7 38.Ra7  1-0

[Event "POL-ch sf"]
[Site "Poraj "]
[Date "1997.??.??"]
[Round "9"]
[White "Szymczak, Zbigniew"]
[Black "Kaszowski, Dariusz"]
[Result "1-0"]
[WhiteElo "2320"]
[BlackElo "2245"]

1.d4 d5 2.c4 c6 3.Nf3 Nf6 4.Qc2 dxc4 5.Qxc4 Bf5 6.Nc3 e6 7.g3 Nbd7 8.Bg2 Be7
9.O-O O-O 10.Rd1 Ne4 11.Ne1 Ndf6 12.Bf4 Qa5 13.Nd3 Rac8 14.b4 Qa3 15.Nxe4 Bxe4
16.Nc5 Bxg2 17.Kxg2 Nd5 18.Bd2 b6 19.Nd3 Qa4 20.Rdc1 Nf6 21.Rc2 Ne4 22.Be3 Nd6
23.Qb3 Qa6 24.f3 Nf5 25.Bf2 Bf6 26.e3 Ne7 27.Rac1 Rcd8 28.g4 h5 29.h3 hxg4
30.hxg4 Qb5 31.Bg3 a5 32.bxa5 bxa5 33.Rc5 Qxb3 34.axb3 Rd5 35.Ra1 Ra8 36.Ra4 Rxc5
37.Nxc5 Nd5 38.Kf2 Be7 39.e4 Nb6 40.Ra2 Bxc5 41.dxc5 Nd7 42.Bd6 Ra7 43.b4 a4
44.Ke3 f6 45.Kd4 Kf7 46.Kc4 e5 47.b5 cxb5+ 48.Kxb5 Ke6 49.Rxa4 Rb7+ 50.Kc6 Rb3
51.Ra8 Nxc5 52.Bxc5 Kf7 53.Ra3 Rb1 54.Ra7+ Kg8 55.Kd5 Rf1 56.Ra3 Kf7 57.Rd3 Kg6
58.Ke6 Rc1 59.Bd6 Rc6 60.Ra3 Kg5 61.Ra7 Kf4 62.Rxg7 Kxf3 63.Rg6 Kxe4 64.Rxf6  1-0

[Event "SVK-ch"]
[Site "Presov"]
[Date "1997.??.??"]
[Round "3"]
[White "Konopka, Michal"]
[Black "Kriz, Oliver"]
[Result "1/2-1/2"]
[WhiteElo "2415"]
[BlackElo "2255"]

1.d4 d5 2.Nf3 Nf6 3.c4 c6 4.Qb3 e6 5.g3 Bd6 6.Bg2 Nbd7 7.O-O O-O 8.Nc3 h6
9.Nd2 Bc7 10.Rd1 Qe7 11.h3 b6 12.e4 dxc4 13.Nxc4 Bb7 14.Na5 Rab8 15.Nxb7 Rxb7
16.Qc4 Nb8 17.a4 a6 18.Be3 b5 19.Qb3 Bb6 20.Rac1 Rd8 21.axb5 axb5 22.e5 Nd5
23.Nxd5 cxd5 24.Rd2 Ba5 25.Rdc2 Nd7 26.Qa2 Ra7 27.Qb3 Rb7 28.Rc8 Rb8 29.Rxb8 Rxb8
30.Bf1 Qb4 31.Qxb4 Bxb4 32.Rc7 Nf8 33.Bd3 Ng6 34.Kf1 Ne7 35.Ke2 Nc8 36.Bxb5 Ba5
37.Rc2 Rxb5 38.Rxc8+ Kh7 39.Rc2 Kg6 40.Bd2 Bxd2 41.Kxd2 Rb3 42.Kc1 h5 43.Rd2 Kf5
44.Kc2 Rb7 45.Rd3 g5 46.b3 g4 47.hxg4+ hxg4 48.Re3 Ra7 49.b4 Ra2+ 50.Kb3 Rxf2
51.b5 Rf3 52.Rc3 Ke4 53.Kb2 Kxd4 54.Rc2 Rxg3 55.b6 Rh3 56.b7 Rh8 57.Rc8 Rh2+
58.Kc1 Rh1+ 59.Kd2 Rh2+  1/2-1/2

[Event "SVK-ch"]
[Site "Presov"]
[Date "1997.??.??"]
[Round "5"]
[White "Hlinka, Vasil"]
[Black "Mikita, Jozef"]
[Result "0-1"]
[WhiteElo "2070"]
[BlackElo "2210"]

1.d4 d5 2.c4 c6 3.Nf3 Nf6 4.g3 Bf5 5.Bg2 e6 6.O-O Nbd7 7.Nc3 Bd6 8.b3 h6
9.Nh4 Bh7 10.f4 O-O 11.c5 Bc7 12.b4 Ne4 13.Nxe4 Bxe4 14.Bxe4 dxe4 15.Qc2 f5
16.Ng6 Re8 17.Bb2 Nf6 18.Ne5 Bxe5 19.dxe5 Nd5 20.Qb3 g5 21.e3 h5 22.Rad1 h4
23.Kf2 Re7 24.a4 Rh7 25.Rh1 Qe8 26.Rdg1 Qh5 27.Qd1 Qxd1 28.Rxd1 Nxb4 29.Bd4 Nd3+
30.Ke2 hxg3 31.hxg3 b6 32.Rxh7 Kxh7 33.cxb6 axb6 34.Bxb6 Rxa4 35.Bd8 Ra2+
36.Rd2 Rxd2+ 37.Kxd2 gxf4 38.gxf4 Kg6 39.Bb6 Kf7 40.Kc3 Ke8 41.Kc4 Kd7 42.Ba5 Kc8
43.Bb6 Kb7 44.Bd8 c5 45.Be7 Kc6 46.Bd6 Nb2+ 47.Kc3 Na4+ 48.Kc2 Kb5 49.Be7 Kc4
50.Bd8 Nc3 51.Bb6 Nd5  0-1

[Event "SVK-ch"]
[Site "Presov"]
[Date "1997.??.??"]
[Round "9"]
[White "Konopka, Michal"]
[Black "Dovzik, Juri"]
[Result "1/2-1/2"]
[WhiteElo "2415"]
[BlackElo "2410"]

1.Nf3 d5 2.d4 Nf6 3.c4 c6 4.Qb3 e6 5.g3 Bd6 6.Bg2 Nbd7 7.O-O O-O 8.Nc3 a6
9.a4 b6 10.Nd2 Bb7 11.e4 c5 12.e5 cxd4 13.exf6 dxc3 14.fxg7 Kxg7 15.bxc3 Nc5
16.Qc2 Be7 17.Rd1 Ra7 18.Bb2 Bf6 19.Nf1 Qa8 20.cxd5 Bxd5 21.Bxd5 exd5 22.Ne3 Rd7
23.Qf5 Rfd8 24.Ng4  1/2-1/2

[Event "EU-chT (Men)"]
[Site "Pula"]
[Date "1997.??.??"]
[Round "8"]
[White "Hoelzl, Franz"]
[Black "Arduman, Can"]
[Result "1-0"]
[WhiteElo "2415"]
[BlackElo "2405"]

1.d4 Nf6 2.Nf3 d5 3.c4 c6 4.Qc2 dxc4 5.Qxc4 Bf5 6.g3 e6 7.Bg2 Nbd7 8.O-O Nb6
9.Qb3 Qd5 10.Nbd2 Qxb3 11.Nxb3 Bd6 12.Bf4 Bxf4 13.gxf4 Nbd5 14.e3 O-O 15.Na5 Rab8
16.a3 Rfc8 17.Rfc1 Rc7 18.b4 Be4 19.Ra2 Nd7 20.Nc4 Kf8 21.Nd6 Bxf3 22.Bxf3 Ke7
23.Nc4 f6 24.h4 Rbc8 25.Rac2 b6 26.Kh2 c5 27.f5 Nf8 28.fxe6 Kxe6 29.e4  1-0

[Event "ISL-chT"]
[Site "Reykjavik"]
[Date "1997.??.??"]
[Round "?"]
[White "Ivanov, Mikhail M"]
[Black "Thorsteins, Karl"]
[Result "1-0"]
[WhiteElo "2500"]
[BlackElo "2495"]

1.Nf3 Nf6 2.c4 c6 3.d4 d5 4.Qc2 dxc4 5.e4 b5 6.b3 cxb3 7.axb3 e6 8.Bd2 Bb7
9.Ba5 Qc8 10.Bd3 Na6 11.Qd2 Be7 12.b4 O-O 13.O-O Bd8 14.Qc3 Bxa5 15.Rxa5 c5
16.dxc5 Nxe4 17.Qb2 Nb8 18.Bxb5 Nc6 19.Bxc6 Bxc6 20.Ne5 Rd8 21.Nc3 Nxc3 22.Qxc3 a6
23.Nc4 Qc7 24.Rc1 Qf4 25.Raa1 Rab8 26.Nb6 Rd2 27.Qg3 Qxg3 28.hxg3 Rd4 29.Rab1 g6
30.Rd1 Rbd8 31.Rxd4 Rxd4 32.Nc8 Kf8 33.Na7 Be8 34.Rc1 Rd2 35.Nc8 Rd4 36.c6 Rxb4
37.c7 Bd7 38.Na7 Ke7 39.c8=Q Bxc8 40.Nc6+ Kd6 41.Nxb4  1-0

[Event "Olicio Gadia mem"]
[Site "Rio de Janeiro"]
[Date "1997.??.??"]
[Round "7"]
[White "Rios Filho, Hilton Carlos"]
[Black "Gomez Baillo, Jorge H"]
[Result "0-1"]
[WhiteElo "2340"]
[BlackElo "2445"]

1.d4 d5 2.c4 c6 3.Nf3 Nf6 4.Qb3 e6 5.g3 Be7 6.Bg2 O-O 7.O-O b5 8.c5 a5 9.Bf4 Ba6
10.Nbd2 b4 11.Rfe1 Nh5 12.Bxb8 Rxb8 13.Ne5 Bb5 14.f4 g6 15.Rad1 f6 16.Nef3 f5
17.Ne5 Nf6 18.a4 bxa3 19.Qxa3 a4 20.Ra1 Nd7 21.Nef3 Qc7 22.Qe3 Kg7 23.Ra2 Rfe8
24.Rea1 Bd8 25.Nb1 Nf6 26.Nc3 Bc4 27.Rxa4 Rxb2 28.Nd2 Ng4 29.Nxc4 Nxe3 30.Nxb2 Qb8
31.Ncd1 Bf6 32.Rc1 Re7 33.Nd3 Nxd1 34.Rxd1 Qb3 35.Rda1 Qc3 36.Rc1 Qd2 37.Kf2 g5
38.Rb1 gxf4 39.gxf4 Bh4+ 40.Kf3 Kh6 41.Rab4 Rg7 42.R1b2 Qc3 43.R2b3 Qa1 44.Rb1 Qa2
45.R1b2 Qa8 46.e3 Qe8  0-1

[Event "WchT U26"]
[Site "Roque Saenz Pena"]
[Date "1997.??.??"]
[Round "1"]
[White "Maia, Luciano M"]
[Black "Moreda, Lucas"]
[Result "0-1"]
[WhiteElo "2175"]
[BlackElo "2325"]

1.d4 d5 2.Nf3 c6 3.c4 dxc4 4.e3 b5 5.a4 Nf6 6.Nc3 b4 7.Na2 e6 8.Bxc4 a5 9.O-O Nbd7
10.Bd2 Bb7 11.Re1 Be7 12.Nc1 O-O 13.Qe2 Ne4 14.Nb3 Nb6 15.Bd3 Qd5 16.Bc1 Rfd8
17.Nfd2 Nxd2 18.Nxd2 c5 19.Be4 Qd7 20.Bxb7 Qxb7 21.dxc5 Bxc5 22.Nb3 Be7 23.Nd4 Bf6
24.Nb5 Rac8 25.e4 Nc4 26.Rb1 Ne5 27.b3 Qc6 28.Bb2 Qc2 29.Qxc2 Rxc2 30.Bxe5 Bxe5
31.Red1 Rxd1+ 32.Rxd1 g5 33.g3 Kg7 34.Rd3 g4 35.Kg2 Bc3 36.Kf1 Rc1+ 37.Kg2 Rb1
38.Nxc3 Rxb3 39.Kf1 bxc3  0-1

[Event "Pools schev"]
[Site "Singapore"]
[Date "1997.??.??"]
[Round "7"]
[White "Prihastomo, Iwan"]
[Black "Tu Hoang Thong"]
[Result "0-1"]
[WhiteElo "2350"]
[BlackElo "2475"]

1.d4 d5 2.c4 c6 3.Nf3 dxc4 4.a4 e6 5.a5 c5 6.Qa4+ Bd7 7.Qxc4 cxd4 8.Nxd4 Na6
9.Bd2 Rc8 10.Qb3 Nc5 11.Qd1 Nf6 12.e3 e5 13.Nf3 Bd6 14.Bc3 Qe7 15.Be2 O-O
16.Nbd2 Nce4 17.Nc4 Bb4 18.Qb3 Bxc3+ 19.bxc3 Nc5 20.Qa3 e4 21.Nd4 Nd5 22.O-O f5
23.Nd2 Kh8 24.c4 Nc7 25.N2b3 N7a6 26.Nxc5 Nxc5 27.Nb3 f4 28.exf4 Rxf4 29.Nxc5 Rxc5
30.Rfd1 Bc6 31.Rd8+ Qxd8 32.Qxc5 a6 33.Rd1 Qe8 34.Qg5 Rf6 35.Bf1 Qf8 36.Qe3 h6
37.g3 Qb4 38.Qb6 Qa4 39.Qd8+ Kh7 40.Bg2 Qxc4 41.Qd2 Rf5 42.Rc1 Qa4 43.Bh3 Rxa5
44.Qf4 Qb5 45.Qf7 Qh5 46.Qc7 e3 47.fxe3 Qd5 48.e4 Qd4+ 49.Kf1 Qd3+  0-1

[Event "RUS-Cup8"]
[Site "Smolensk"]
[Date "1997.??.??"]
[Round "1"]
[White "Newerovski, Gennadi"]
[Black "Burmakin, Vladimir"]
[Result "1-0"]
[WhiteElo "2370"]
[BlackElo "2530"]

1.d4 d5 2.Nf3 c6 3.c4 Nf6 4.Qc2 e6 5.Nbd2 Nbd7 6.g3 b5 7.b3 Ba6 8.Bg2 bxc4
9.bxc4 Bb4 10.Rb1 Qa5 11.O-O O-O 12.a3 Be7 13.Bb2 Rfb8 14.Bc3 Qc7 15.Bb4 c5
16.dxc5 Bxc5 17.Rfc1 dxc4 18.Nxc4 Rc8 19.Nfd2 Rab8 20.Qd1 Bxb4 21.axb4 Ne5
22.Na3 Qb6 23.Rc5 Qd6 24.Rxc8+ Bxc8 25.Nf3 Nxf3+ 26.Bxf3 Qf8 27.b5 Bb7 28.Bc6  1-0